Bilder - Welcher Stromberg Charakter? - Statistiken

Allgemein
  • Dieses Quiz wurde 141 mal gespielt
  • Das Durchschnittsergebnis liegt bei 8 aus 10
Antwortstatistiken
Bildquiz Antwort % Korrekt
Bernd Stromberg
99%
Berthold Heisterkamp ("Ernie")
94%
Ulf Steinke
93%
Tanja Seifert
86%
Erika Burstedt
85%
Timo Becker
77%
Sabine Buhrer ("Sabbel")
68%
Jennifer Schirrmann ("Schirmchen")
65%
Tatjana Berkel ("Tuberkel")
61%
Sinan Turculu
57%
Keine übereinstimmenden Quizze gefunden
Verteilung der Resultate
Anzahl Personen mit jedem Resultat
Perzentil nach korrekt beantworteten Fragen
Ihre Resultats-Entwicklung
Sie haben dieses Quiz noch nicht gespielt